000 00741nam a2200193Ia 4500
003 GCL
005 20240530102139.0
008 140319s9999 xx 000 0 ara d
040 _aGCL /
_cGCL
082 0 4 _a953.07393
_bق/ج ع
100 1 _aجوزيف نسيم يوسف
245 1 0 _aالعدوان الصليبى على مصر : هزيمة لويس التاسع فى المنصورة وفارسكور /
_cجوزيف نسيم يوسف
250 _aالثانية
260 _aالقاهرة :
_bدار المعرفة الجامعية ،
_c0
300 _a413 ص ؛
_c24سم
650 0 4 _aالحملة الصليبية - تاريخ
650 0 4 _aمصر - تاريخ - الحملة الفرنسية (1798-1801م)
942 _2ddc
_cBK
999 _c30118
_d30118